LEADER 01166nam0-2200361---450- 001 990005319110403321 005 20150702122929.0 010 $a2-85944-016-X 035 $a000531911 035 $aFED01000531911 035 $a(Aleph)000531911FED01 035 $a000531911 100 $a19990604d1979----km-y0itay50------ba 101 0 $afre 105 $ay---a---001yy 200 1 $aPoints de vue sur la fiscalité antique$f[publié par le] Centre G. Glotz$gsous la direction de Henri Van Effenterre 210 $aParis$c[Impr. A. Bontemps]$d1979 215 $aXI, 140 p.$d24 cm 225 1 $aPublications de la Sorbonne$iSérie Études$v14 610 0 $aEconomia$aAntichità 676 $a330.93$v22 702 1$aVan Effenterre,$bHenri$f<1912-2007> 710 02$aCentre Gustave Glotz$0292588 801 0$aIT$bUNINA$gREICAT$2UNIMARC 901 $aBK 912 $a990005319110403321 952 $a330.93 EFF 1$bANT. G.R. 3500$fFLFBC 952 $aFCL 701 (14)$bIst.Fil.Cl.8596$fFLFBC 952 $aDDR-XVIII A 051$b775 ddr$fDDR$m21-4881 959 $aFLFBC 959 $aDDR 996 $aPoints de vue sur la fiscalité antique$9597026 997 $aUNINA LEADER 03021nam 2200493 450 001 9910317766703321 005 20221016081430.0 010 $a1-83962-029-3 010 $a1-78984-819-9 035 $a(CKB)4970000000100416 035 $a(NjHacI)994970000000100416 035 $a(oapen)https://directory.doabooks.org/handle/20.500.12854/40212 035 $a(MiAaPQ)EBC30390337 035 $a(Au-PeEL)EBL30390337 035 $a(EXLCZ)994970000000100416 100 $a20221016d2019 uy 0 101 0 $aeng 135 $aur||||||||||| 181 $ctxt$2rdacontent 182 $cc$2rdamedia 183 $acr$2rdacarrier 200 00$aAdvanced Sorption Process Applications /$fedited by Serpil Edebali 205 $a1st ed. 210 $cIntechOpen$d2019 210 1$aLondon, United Kingdom :$cIntechOpen,$d2019. 215 $a1 online resource (218 pages) $cillustrations some color 311 $a1-78984-818-0 320 $aIncludes bibliographical references. 330 $aAt the beginning of the twenty-firstst century, separation processes presented a comprehensive application of the major operations performed by various industries, such as chemical, food, environmental, and biotechnology. Sorption, one of the preferred separation processes because of its effectiveness at different interfaces, has caught the attention of many scientists. This book is aimed at gaining a general knowledge of sorption and a number of extremely important applications, as well as recognizing its functions and paramount importance in chemical and biochemical plants, including environmental treatment. Moreover, progress in the phenomenon is highlighted in this book. To help provide instruction in the important sorption processes, we have chosen authors who have extensive industrial and academic experience in closing the gap between theory and practice. Crucial progress in the theoretical information section of sorption has been achieved, mainly through the development of new techniques that examine the usage of various sorbents, including nanomaterials for the removal of various pollutants. We have subdivided the book into several sections, one of which is focused on applications of the sorption process, which presents real results of the recent studies and gives a source of up-to-date literature. The relationship between the sorption process and isotherm and kinetics modeling is analyzed in another chapter. This book will be a reference book for those who are interested in sorption techniques from various industries. 606 $aAdsorption 610 $aPhysical Sciences 610 $aEngineering and Technology 610 $aChemistry 610 $aPhysical Chemistry 615 0$aAdsorption. 676 $a541.33 700 $aSerpil Edebali$4auth$01364633 702 $aEdebali$b Serpil 801 0$bNjHacI 801 1$bNjHacl 906 $aBOOK 912 $a9910317766703321 996 $aAdvanced Sorption Process Applications$93386076 997 $aUNINA LEADER 03030 am 2200709 n 450 001 9910548297803321 005 20240104030656.0 010 $a2-37546-143-6 024 7 $a10.4000/books.pressesenssib.16337 035 $a(CKB)4100000012657843 035 $a(FrMaCLE)OB-pressesenssib-16337 035 $a(PPN)260860379 035 $a(EXLCZ)994100000012657843 100 $a20220302j|||||||| ||| 0 101 0 $afre 135 $auu||||||m|||| 200 00$aExposer en bibliothèque$eEnjeux, méthodes, diffusion$fEmmanuèle Payen 210 $aVilleurbanne$cPresses de l?enssib$d2022 215 $a1 online resource (224 p.) 311 08$aPublié également comme édition imprimée Exposer en bibliothèque 991170872021105501 2-37546-141-X 9782375461419 330 $aLe médium exposition s?est considérablement développé ces dernières décennies dans les bibliothèques. Quelles sont donc les formes et les organisations qui permettent de mener à bien une exposition ? Comment construire le parcours et le récit de l?exposition ? Quelles sont les compétences requises, les acteurs indispensables aux projets ? Quelles médiations pour le public, présent et à distance ? Cet ouvrage collectif, pratique, souhaite aussi penser l?exposition comme un outil institutionnel permettant à la bibliothèque de mettre en valeur ses collections et de proposer une forme clairement identifiée par le public et les acteurs locaux. 606 $aInformation Science & Library Science 606 $aactivités culturelles 606 $abibliothèques 606 $abibliothèques publiques 606 $acollections 606 $adiffusion de la culture 606 $aexpositions en bibliothèque 606 $afrance 606 $amédiation 606 $aservices aux publics 615 4$aInformation Science & Library Science 615 4$aactivités culturelles 615 4$abibliothèques 615 4$abibliothèques publiques 615 4$acollections 615 4$adiffusion de la culture 615 4$aexpositions en bibliothèque 615 4$afrance 615 4$amédiation 615 4$aservices aux publics 700 $aBarlier$b Julien$01457812 701 $aBastian-Dupleix$b Isabelle$01457813 701 $aBuxtorf$b Anne-Elisabeth$01457814 701 $aDodi$b Valentina$01457815 701 $aEvrard$b Catherine$01457816 701 $aHenry$b Delphine$01457817 701 $aLardy$b Marie-Anne$01457818 701 $aLetourneau$b Karen$01457819 701 $aMackiewicz$b Étienne$01457820 701 $aPayen$b Emmanuèle$01305621 701 $aPetit$b Valérie$01457821 701 $aPinçon$b Juliette$01457822 701 $aRapatel$b Livia$01289067 701 $aRémy$b Patricia$01457823 701 $aToulet$b Emmanuelle$0314459 701 $aWeber$b Corinne$01326401 801 0$bFR-FrMaCLE 906 $aBOOK 912 $a9910548297803321 996 $aExposer en bibliothèque$93658064 997 $aUNINA